Ananga Ranga / (Record no. 86183)

MARC details
000 -LEADER
campo de control de longitud fija 00473nam a2200169 i 4500
001 - NÚMERO DE CONTROL
campo de control 86183
003 - IDENTIFICADOR DE NÚMERO DE CONTROL
campo de control ES-MaACL
005 - FECHA Y HORA DE LA ÚLTIMA TRANSACCIÓN
campo de control 20230906175407.0
007 - CAMPO FIJO DE DESCRIPCIÓN FÍSICA--INFORMACIÓN GENERAL
campo de control de longitud fija t|
008 - DATOS DE LONGITUD FIJA--INFORMACIÓN GENERAL
campo de control de longitud fija 041209s1973 sp ||||1| spa d
100 1# - ENTRADA PRINCIPAL--NOMBRE DE PERSONA
Nombre de persona Kalyanamalla.
9 (RLIN) 67467
245 10 - MENCIÓN DEL TÍTULO
Título Ananga Ranga /
Mención de responsabilidad, etc. Kalyanamalla ; [traductor: Alfonso Espinet].
260 ## - PUBLICACIÓN, DISTRIBUCIÓN, ETC.
Lugar de publicación, distribución, etc. [Barcelona] :
Nombre del editor, distribuidor, etc. A.T.E,
Fecha de publicación, distribución, etc. [1973]
300 ## - DESCRIPCIÓN FÍSICA
Extensión 173 p. ;
Dimensiones 20 cm.
700 1# - ENTRADA AGREGADA--NOMBRE PERSONAL
Nombre de persona Espinet, Alfonso.
9 (RLIN) 47853
852 ## - LOCALIZACIÓN
Ubicación ES-MaACL
Número de control de estantería C-55277
Sublocalización o colección R.87932
Holdings
Estatus retirado Estado de pérdida Estado de daño No para préstamo Biblioteca de origen Biblioteca actual Ubicación en estantería Fecha de adquisición Fuente de adquisición Total de préstamos Signatura topográfica completa Código de barras Visto por última vez Precio de reemplazo Tipo de ítem Koha
        Biblioteca del Ateneo de Madrid Biblioteca del Ateneo de Madrid Depósito 2 17/01/2008     C-55277 1090051 23/02/2023 23/02/2023 Libro impreso